[Event "Ottawa Futurity"]
[Site "Ottawa CAN"]
[Date "2004.08.10"]
[Round "2"]
[White "Bertrand, Daryl"]
[Black "Laming, Ryan"]
[Result "1-0"]
[WhiteElo "1935"]
[BlackElo "1747"]
[PlyCount "35"]
[GameId "2160767911086328"]
[EventDate "2004.08.09"]
[EventType "schev"]
[EventRounds "5"]
[EventCountry "CAN"]
[SourceTitle "EXT 2006"]
[Source "ChessBase"]
[SourceDate "2005.11.24"]
[SourceVersion "1"]
[SourceVersionDate "2005.11.24"]
[SourceQuality "1"]

1. e4 c5 2. Nf3 d6 3. Bb5+ Nc6 4. O-O Nf6 5. d4 cxd4 6. Nxd4 Bd7 7. Nc3 g6 8. Kh1 Bg7 9. f4 Nxd4 10. Qxd4 Bxb5 11. Nxb5 O-O 12. Qd3 Nd7 13. f5 Nc5 14. Qd5 Qb6 15. fxg6 Qxb5 16. Rxf7 Qf1+ 17. Rxf1+ Kh8 18. Be3 1-0

[Event "Ottawa Futurity"]
[Site "Ottawa CAN"]
[Date "2004.08.10"]
[Round "2"]
[White "Gordon, David"]
[Black "Yuan, Michael"]
[Result "1-0"]
[WhiteElo "2184"]
[BlackElo "2010"]
[PlyCount "49"]
[GameId "2160767911086329"]
[EventDate "2004.08.09"]
[EventType "schev"]
[EventRounds "5"]
[EventCountry "CAN"]
[SourceTitle "EXT 2006"]
[Source "ChessBase"]
[SourceDate "2005.11.24"]
[SourceVersion "1"]
[SourceVersionDate "2005.11.24"]
[SourceQuality "1"]

1. d4 Nf6 2. c4 g6 3. Nc3 Bg7 4. e4 d6 5. f4 O-O 6. Nf3 c5 7. d5 e6 8. Be2 exd5 9. cxd5 Re8 10. Nd2 a6 11. a4 h5 12. h3 Bh6 13. O-O Nbd7 14. g4 hxg4 15. hxg4 g5 16. e5 dxe5 17. fxg5 Bxg5 18. Nde4 Nxe4 19. Nxe4 Bh4 20. g5 Qb6 21. Bh5 c4+ 22. Kg2 Rf8 23. Qg4 Qd4 24. Qxh4 Nc5 25. Bf3 1-0

[Event "Ottawa Futurity"]
[Site "Ottawa CAN"]
[Date "2004.08.10"]
[Round "2"]
[White "Pacey, Kevin"]
[Black "Barber, Glen"]
[Result "1-0"]
[WhiteElo "2174"]
[BlackElo "2021"]
[PlyCount "59"]
[GameId "2160767911086330"]
[EventDate "2004.08.09"]
[EventType "schev"]
[EventRounds "5"]
[EventCountry "CAN"]
[SourceTitle "EXT 2006"]
[Source "ChessBase"]
[SourceDate "2005.11.24"]
[SourceVersion "1"]
[SourceVersionDate "2005.11.24"]
[SourceQuality "1"]

1. e4 c5 2. Nf3 d6 3. d4 cxd4 4. Nxd4 Nf6 5. Nc3 Nc6 6. Bg5 e6 7. Qd2 a6 8. O-O-O Bd7 9. f4 h6 10. Bh4 Nxe4 11. Nxe4 Qxh4 12. Nf3 Qe7 13. Nxd6+ Qxd6 14. Qxd6 Bxd6 15. Rxd6 Ke7 16. Rd2 Rhd8 17. Be2 Nb4 18. a3 Nd5 19. g3 Rac8 20. Re1 Ba4 21. Bd1 Be8 22. f5 Nc7 23. fxe6 Nxe6 24. Nd4 Bd7 25. Bg4 g6 26. Rde2 Re8 27. Nxe6 fxe6 28. Bxe6 Kd8 29. Rd1 Rc7 30. Bxd7 1-0

[Event "Ottawa Futurity"]
[Site "Ottawa CAN"]
[Date "2004.08.10"]
[Round "2"]
[White "Van Dusen, Eric"]
[Black "Yao, Sammy"]
[Result "1-0"]
[WhiteElo "2025"]
[BlackElo "1956"]
[PlyCount "67"]
[GameId "2160767911086331"]
[EventDate "2004.08.09"]
[EventType "schev"]
[EventRounds "5"]
[EventCountry "CAN"]
[SourceTitle "EXT 2006"]
[Source "ChessBase"]
[SourceDate "2005.11.24"]
[SourceVersion "1"]
[SourceVersionDate "2005.11.24"]
[SourceQuality "1"]

1. d4 Nf6 2. Nf3 g6 3. Nc3 d5 4. Bf4 c6 5. e3 Bg7 6. Be2 Nbd7 7. Ne5 O-O 8. h4 Nxe5 9. Bxe5 b5 10. h5 b4 11. Na4 Nd7 12. hxg6 fxg6 13. Bxg7 Kxg7 14. Bd3 Nf6 15. Nc5 Ng4 16. f3 Qc7 17. Qe2 Qg3+ 18. Kd2 Nf2 19. Rhf1 Nxd3 20. Nxd3 Ba6 21. Rh1 Rac8 22. Rh3 Qd6 23. Rah1 Rh8 24. Kc1 c5 25. Qd2 Bxd3 26. Qxd3 c4 27. Qe2 a5 28. e4 e5 29. exd5 exd4 30. Qe4 Qf6 31. Rh4 d3 32. Rf4 Qg5 33. d6 Rhf8 34. Qb7+ 1-0

[Event "Ottawa Futurity"]
[Site "Ottawa CAN"]
[Date "2004.08.10"]
[Round "2"]
[White "Voloaca, Mihnea"]
[Black "Mai, Lloyd"]
[Result "1-0"]
[WhiteElo "2258"]
[BlackElo "1919"]
[PlyCount "59"]
[GameId "2160767911086332"]
[EventDate "2004.08.09"]
[EventType "schev"]
[EventRounds "5"]
[EventCountry "CAN"]

1. d4 Nf6 2. Nc3 g6 3. e4 d6 4. Bg5 Bg7 5. Qd2 O-O 6. O-O-O Nbd7 7. f3 c5 8. Nge2 a6 9. Bh6 b5 10. dxc5 dxc5 11. Bxg7 Kxg7 12. e5 Ne8 13. h4 Qa5 14. h5 Rh8 15. hxg6 fxg6 16. Qg5 Kf8 17. Nd5 Qd8 18. e6 Ndf6 19. Qh6+ Ng7 20. Nxf6 Qxd1+ 21. Kxd1 exf6 22. Nf4 Rg8 23. Bd3 Ke7 24. Nd5+ Kf8 25. Qf4 Ne8 26. Nxf6 Rg7 27. Nd7+ Ke7 28. Qf8+ Kd8 29. Nf6 Kc7 30. Nxe8+ 1-0

[Event "Ottawa Futurity"]
[Site "Ottawa CAN"]
[Date "2004.08.11"]
[Round "3"]
[White "Barber, Glen"]
[Black "Van Dusen, Eric"]
[Result "1-0"]
[WhiteElo "2021"]
[BlackElo "2025"]
[PlyCount "75"]
[GameId "2160767911086334"]
[EventDate "2004.08.09"]
[EventType "schev"]
[EventRounds "5"]
[EventCountry "CAN"]
[SourceTitle "EXT 2006"]
[Source "ChessBase"]
[SourceDate "2005.11.24"]
[SourceVersion "1"]
[SourceVersionDate "2005.11.24"]
[SourceQuality "1"]

1. d4 Nf6 2. c4 g6 3. Nc3 d5 4. Nf3 Bg7 5. Qb3 dxc4 6. Qxc4 O-O 7. e4 Bg4 8. Be3 Nfd7 9. Qb3 Nb6 10. Rd1 Nc6 11. d5 Ne5 12. Be2 Nxf3+ 13. gxf3 Bh5 14. Rg1 Nd7 15. Qxb7 Rb8 16. Qxa7 Rxb2 17. Nb5 Bxf3 18. Bxf3 Rxb5 19. a4 Bc3+ 20. Kf1 Ra5 21. Qb7 Ne5 22. Qb3 Nxf3 23. Qxc3 c5 24. Bh6 Nd4 25. Bxf8 Kxf8 26. Rg3 Rxa4 27. Qxc5 Ne6 28. Qc2 Qa8 29. dxe6 Rxe4 30. Rd8+ Qxd8 31. Qxe4 f5 32. Rd3 Qb8 33. Qd4 Qb1+ 34. Rd1 Qb5+ 35. Kg1 Kg8 36. Qd8+ Kg7 37. Qxe7+ Kh6 38. Qh4+ 1-0

[Event "Ottawa Futurity"]
[Site "Ottawa CAN"]
[Date "2004.08.11"]
[Round "3"]
[White "Laming, Ryan"]
[Black "Pacey, Kevin"]
[Result "0-1"]
[WhiteElo "1747"]
[BlackElo "2174"]
[PlyCount "80"]
[GameId "2160767911086335"]
[EventDate "2004.08.09"]
[EventType "schev"]
[EventRounds "5"]
[EventCountry "CAN"]
[SourceTitle "EXT 2006"]
[Source "ChessBase"]
[SourceDate "2005.11.24"]
[SourceVersion "1"]
[SourceVersionDate "2005.11.24"]
[SourceQuality "1"]

1. d4 e6 2. Nf3 d5 3. c4 Nf6 4. Nc3 Be7 5. Bg5 O-O 6. e3 Nbd7 7. Qc2 h6 8. Bh4 c6 9. Bd3 Re8 10. O-O Nh5 11. Bxe7 Qxe7 12. cxd5 exd5 13. e4 dxe4 14. Bxe4 Ndf6 15. Rfe1 Nxe4 16. Rxe4 Be6 17. d5 cxd5 18. Nxd5 Qd7 19. Ne3 Rac8 20. Qe2 Nf6 21. Rd4 Qc7 22. Qb5 Red8 23. Rxd8+ Rxd8 24. a3 a6 25. Qe5 Qxe5 26. Nxe5 Rd2 27. N5c4 Bxc4 28. Nxc4 Rc2 29. b3 Ne4 30. f3 Nc5 31. Rb1 b5 32. Nb6 Ra2 33. a4 bxa4 34. b4 Nd3 35. Nd5 Rb2 36. Ra1 a3 37. Nc3 Rc2 38. Na2 Nf4 39. g3 Nh3+ 40. Kh1 Ng5 0-1

[Event "Ottawa Futurity"]
[Site "Ottawa CAN"]
[Date "2004.08.11"]
[Round "3"]
[White "Yao, Sammy"]
[Black "Gordon, David"]
[Result "1/2-1/2"]
[WhiteElo "1956"]
[BlackElo "2184"]
[PlyCount "76"]
[GameId "2160767911086338"]
[EventDate "2004.08.09"]
[EventType "schev"]
[EventRounds "5"]
[EventCountry "CAN"]
[SourceTitle "EXT 2006"]
[Source "ChessBase"]
[SourceDate "2005.11.24"]
[SourceVersion "1"]
[SourceVersionDate "2005.11.24"]
[SourceQuality "1"]

1. e4 c5 2. Nf3 Nc6 3. d4 cxd4 4. Nxd4 Nf6 5. Nc3 e5 6. Ndb5 d6 7. Nd5 Nxd5 8. exd5 Nb8 9. c4 Nd7 10. Be2 Be7 11. O-O O-O 12. Kh1 f5 13. f4 a6 14. Nc3 g5 15. g4 gxf4 16. gxf5 Nf6 17. Rg1+ Kh8 18. Qd3 Qb6 19. Bd2 Bd7 20. b3 Rg8 21. Raf1 Rxg1+ 22. Rxg1 Rg8 23. Rxg8+ Kxg8 24. Kg2 Bd8 25. Ne4 Nxe4 26. Qxe4 Bf6 27. b4 a5 28. a3 axb4 29. axb4 Qa7 30. Qc2 b6 31. Be1 Qa3 32. Qd3 Qb2 33. Kf1 Ba4 34. Qf3 Qb1 35. Qh5 Kg7 36. Qg4+ Kf8 37. Qh5 Kg7 38. Qg4+ Kf8 1/2-1/2

[Event "Ottawa Futurity"]
[Site "Ottawa CAN"]
[Date "2004.08.11"]
[Round "3"]
[White "Yuan, Michael"]
[Black "Voloaca, Mihnea"]
[Result "0-1"]
[WhiteElo "2010"]
[BlackElo "2258"]
[PlyCount "58"]
[GameId "2160767911086339"]
[EventDate "2004.08.09"]
[EventType "schev"]
[EventRounds "5"]
[EventCountry "CAN"]
[SourceTitle "EXT 2006"]
[Source "ChessBase"]
[SourceDate "2005.11.24"]
[SourceVersion "1"]
[SourceVersionDate "2005.11.24"]
[SourceQuality "1"]

1. e4 c5 2. Nf3 e6 3. d4 cxd4 4. Nxd4 Qb6 5. Nb3 Nf6 6. Nc3 Bb4 7. Bd3 d6 8. O-O Bxc3 9. bxc3 e5 10. h3 Qc7 11. f4 Nbd7 12. Qe1 O-O 13. f5 b5 14. g4 d5 15. g5 Nxe4 16. Bxe4 dxe4 17. f6 gxf6 18. gxf6 Kh8 19. Bh6 Rg8+ 20. Bg7+ Rxg7+ 21. fxg7+ Kxg7 22. Qxe4 Bb7 23. Rxf7+ Kxf7 24. Qxh7+ Ke8 25. Qg6+ Ke7 26. Qh7+ Ke6 27. Nd4+ exd4 28. Re1+ Kd6 29. Qh6+ Kc5 0-1

[Event "Ottawa Futurity"]
[Site "Ottawa CAN"]
[Date "2004.08.13"]
[Round "4"]
[White "Bertrand, Daryl"]
[Black "Yuan, Michael"]
[Result "0-1"]
[WhiteElo "1935"]
[BlackElo "2010"]
[PlyCount "108"]
[GameId "2160767911086340"]
[EventDate "2004.08.09"]
[EventType "schev"]
[EventRounds "5"]
[EventCountry "CAN"]
[SourceTitle "EXT 2006"]
[Source "ChessBase"]
[SourceDate "2005.11.24"]
[SourceVersion "1"]
[SourceVersionDate "2005.11.24"]
[SourceQuality "1"]

1. e4 c5 2. Nf3 d6 3. d4 cxd4 4. Nxd4 Nf6 5. Nc3 a6 6. Be3 Ng4 7. Bg5 h6 8. Bh4 g5 9. Bg3 Bg7 10. Be2 h5 11. Bxg4 Bxg4 12. f3 Bd7 13. Qd2 Nc6 14. Bf2 Rc8 15. O-O-O Nb4 16. Kb1 Qa5 17. a3 Nc6 18. Nd5 Qxd2 19. Rxd2 Ne5 20. Nf5 Bxf5 21. exf5 e6 22. fxe6 fxe6 23. Nb6 Rc6 24. Rhd1 Ke7 25. h4 Rxb6 26. Bxb6 Nc4 27. hxg5 Nxb6 28. Rxd6 Nd5 29. R6xd5 exd5 30. Rxd5 Ke6 31. Rc5 Be5 32. Rc4 Kf5 33. Rc5 h4 34. Kc1 Rg8 35. Rc4 Bf4+ 36. Kb1 Rxg5 37. Rc5+ Ke6 38. Rc4 Kf5 39. Rc5+ Kg6 40. Rc4 Rxg2 41. Rxf4 Kg5 42. Rf8 h3 43. Rh8 h2 44. Ka2 Rxc2 45. Kb3 Rf2 46. Kc3 Kf4 47. Kb4 Rxb2+ 48. Ka5 Kxf3 49. a4 Ra2 50. Kb4 Kg2 51. Kb3 Ra1 52. Rg8+ Kf3 53. Rf8+ Ke4 54. Re8+ Kd5 0-1

[Event "Ottawa Futurity"]
[Site "Ottawa CAN"]
[Date "2004.08.13"]
[Round "4"]
[White "Gordon, David"]
[Black "Barber, Glen"]
[Result "1-0"]
[WhiteElo "2184"]
[BlackElo "2021"]
[PlyCount "72"]
[GameId "2160767911086341"]
[EventDate "2004.08.09"]
[EventType "schev"]
[EventRounds "5"]
[EventCountry "CAN"]
[SourceTitle "EXT 2006"]
[Source "ChessBase"]
[SourceDate "2005.11.24"]
[SourceVersion "1"]
[SourceVersionDate "2005.11.24"]
[SourceQuality "1"]

1. d4 d5 2. Nf3 Nf6 3. Bg5 Bf5 4. e3 c6 5. Bxf6 gxf6 6. Bd3 Bg6 7. O-O Qb6 8. Nbd2 Bxd3 9. cxd3 Qxb2 10. Rb1 Qxa2 11. Rxb7 Nd7 12. Qa1 Qxa1 13. Rxa1 e5 14. Raxa7 Rxa7 15. Rxa7 Bd6 16. Ra8+ Nb8 17. Nb3 Ke7 18. Nc5 Bxc5 19. dxc5 Rf8 20. d4 Nd7 21. Rxf8 Kxf8 22. Kf1 Ke7 23. Ke2 Ke6 24. Nh4 f5 25. f4 f6 26. Kd2 Nf8 27. Kc3 Ng6 28. Nxg6 hxg6 29. Kb4 g5 30. g3 exd4 31. exd4 Kf7 32. Ka5 Kg6 33. Kb6 Kh5 34. Kxc6 gxf4 35. gxf4 Kg4 36. Kxd5 Kxf4 1-0

[Event "Ottawa Futurity"]
[Site "Ottawa CAN"]
[Date "2004.08.13"]
[Round "4"]
[White "Pacey, Kevin"]
[Black "Mai, Lloyd"]
[Result "1-0"]
[WhiteElo "2174"]
[BlackElo "1919"]
[PlyCount "81"]
[GameId "2160767911086342"]
[EventDate "2004.08.09"]
[EventType "schev"]
[EventRounds "5"]
[EventCountry "CAN"]

1. d4 Nf6 2. Nc3 g6 3. e4 d6 4. Nf3 Bg7 5. h3 O-O 6. Be3 e5 7. dxe5 dxe5 8. Qxd8 Rxd8 9. Bc4 Nc6 10. Rd1 Rxd1+ 11. Kxd1 Na5 12. Nxe5 Nxe4 13. Bxf7+ Kf8 14. Nxe4 Bxe5 15. Bd5 c6 16. Bh6+ Ke7 17. Bg8 Bf5 18. Bxh7 Bxe4 19. Re1 Bd5 20. Rxe5+ Kf6 21. Rg5 Bf7 22. Rxa5 b6 23. Ra3 Rd8+ 24. Kc1 Rh8 25. Rf3+ Ke6 26. Bxg6 Bxg6 27. Bg7 Rg8 28. Rf6+ Ke7 29. Rxg6 Kf7 30. Rg3 Rxg7 31. Rxg7+ Kxg7 32. Kd2 Kf6 33. Ke3 a5 34. Ke4 Ke6 35. h4 Kf6 36. g4 b5 37. f4 c5 38. Kd5 c4 39. Kc5 b4 40. Kxc4 Kg6 41. h5+ 1-0

[Event "Ottawa Futurity"]
[Site "Ottawa CAN"]
[Date "2004.08.13"]
[Round "4"]
[White "Van Dusen, Eric"]
[Black "Laming, Ryan"]
[Result "0-1"]
[WhiteElo "2025"]
[BlackElo "1747"]
[PlyCount "80"]
[GameId "2160767911086344"]
[EventDate "2004.08.09"]
[EventType "schev"]
[EventRounds "5"]
[EventCountry "CAN"]
[SourceTitle "EXT 2006"]
[Source "ChessBase"]
[SourceDate "2005.11.24"]
[SourceVersion "1"]
[SourceVersionDate "2005.11.24"]
[SourceQuality "1"]

1. d4 Nf6 2. Bg5 e6 3. e4 Be7 4. Nd2 b6 5. e5 Nd5 6. Bxe7 Nxe7 7. Qf3 Nbc6 8. c3 Bb7 9. Qg3 Ng6 10. Ngf3 f5 11. exf6 Qxf6 12. Bd3 Nce7 13. O-O h5 14. Qg5 O-O-O 15. Qxf6 gxf6 16. Rfe1 Nf4 17. Bb1 Rdg8 18. h4 Nh3+ 19. Kh2 Nxf2 20. g3 Nf5 21. Kg2 Ng4 22. Bd3 Nxg3 23. Bb1 Nh6 24. Kf2 Ngf5 25. Be4 Ng4+ 26. Kf1 Nge3+ 27. Ke2 Bxe4 28. Nxe4 Nc2 29. Nxf6 Rf8 30. Ne4 Nxa1 31. Rxa1 Rhg8 32. Neg5 Nxh4 33. Nxh4 Rxg5 34. Nf3 Rg2+ 35. Ke3 Rg3 36. Rf1 Kb7 37. b4 Kc6 38. a4 Rfxf3+ 39. Rxf3 Rxf3+ 40. Kxf3 Kd5 0-1

[Event "Ottawa Futurity"]
[Site "Ottawa CAN"]
[Date "2004.08.13"]
[Round "4"]
[White "Voloaca, Mihnea"]
[Black "Yao, Sammy"]
[Result "1-0"]
[WhiteElo "2258"]
[BlackElo "1956"]
[PlyCount "39"]
[GameId "2160767911086345"]
[EventDate "2004.08.09"]
[EventType "schev"]
[EventRounds "5"]
[EventCountry "CAN"]
[SourceTitle "EXT 2006"]
[Source "ChessBase"]
[SourceDate "2005.11.24"]
[SourceVersion "1"]
[SourceVersionDate "2005.11.24"]
[SourceQuality "1"]

1. e4 c5 2. Nf3 e6 3. Nc3 a6 4. d4 cxd4 5. Nxd4 Qc7 6. g3 Nf6 7. Bg2 d6 8. O-O Nbd7 9. f4 Be7 10. Kh1 O-O 11. g4 Rb8 12. g5 Ne8 13. a4 g6 14. f5 e5 15. Nd5 Qd8 16. f6 Bxf6 17. gxf6 exd4 18. Bh6 Nc7 19. Ne7+ Kh8 20. Bg7# 1-0

[Event "Ottawa Futurity"]
[Site "Ottawa CAN"]
[Date "2004.08.14"]
[Round "5"]
[White "Barber, Glen"]
[Black "Voloaca, Mihnea"]
[Result "0-1"]
[WhiteElo "2021"]
[BlackElo "2258"]
[PlyCount "78"]
[GameId "2160767911086346"]
[EventDate "2004.08.09"]
[EventType "schev"]
[EventRounds "5"]
[EventCountry "CAN"]
[SourceTitle "EXT 2006"]
[Source "ChessBase"]
[SourceDate "2005.11.24"]
[SourceVersion "1"]
[SourceVersionDate "2005.11.24"]
[SourceQuality "1"]

1. d4 Nf6 2. Nf3 e6 3. c4 b6 4. Nc3 Bb7 5. Bg5 h6 6. Bh4 Bb4 7. e3 g5 8. Bg3 Ne4 9. Qc2 Nxg3 10. hxg3 Bf8 11. Bd3 Bg7 12. O-O-O Nc6 13. a3 Qe7 14. d5 Nd8 15. Kb1 a6 16. Rhe1 O-O 17. g4 d6 18. e4 c6 19. e5 cxd5 20. cxd5 exd5 21. Nxd5 Bxd5 22. Bh7+ Kh8 23. Rxd5 dxe5 24. Nxe5 Ne6 25. Nc6 Qb7 26. Be4 Rac8 27. Rdd1 Nc5 28. Na5 Qc7 29. Nb3 Na4 30. Qxc7 Rxc7 31. Re2 Bxb2 32. Rxb2 Nc3+ 33. Kc2 Nxe4+ 34. Kd3 Rd8+ 35. Nd4 Nc5+ 36. Ke3 Re7+ 37. Kf3 Re4 38. Rbd2 Rf4+ 39. Kg3 Ne4+ 0-1

[Event "Ottawa Futurity"]
[Site "Ottawa CAN"]
[Date "2004.08.14"]
[Round "5"]
[White "Laming, Ryan"]
[Black "Gordon, David"]
[Result "0-1"]
[WhiteElo "1747"]
[BlackElo "2184"]
[PlyCount "90"]
[GameId "2160767911086347"]
[EventDate "2004.08.09"]
[EventType "schev"]
[EventRounds "5"]
[EventCountry "CAN"]
[SourceTitle "EXT 2006"]
[Source "ChessBase"]
[SourceDate "2005.11.24"]
[SourceVersion "1"]
[SourceVersionDate "2005.11.24"]
[SourceQuality "1"]

1. d4 Nf6 2. c4 c5 3. d5 b5 4. cxb5 a6 5. bxa6 g6 6. Nc3 Bxa6 7. Nf3 Bg7 8. e4 Bxf1 9. Kxf1 d6 10. g3 O-O 11. h3 Nbd7 12. Kg2 Qb6 13. Re1 Qb7 14. Re2 Ra6 15. Rc2 Rfa8 16. a3 Ne8 17. Rb1 Bxc3 18. Rxc3 Rxa3 19. Rxa3 Rxa3 20. bxa3 Qxb1 21. Qa4 Ndf6 22. Bg5 Qxe4 23. Qxe4 Nxe4 24. Bxe7 Nc3 25. Bd8 f6 26. Nd2 Kf7 27. Nc4 Nxd5 28. a4 Ke6 29. Ba5 Kd7 30. Nb6+ Nxb6 31. Bxb6 Kc6 32. Bd8 f5 33. Kf3 Ng7 34. Ke3 Ne6 35. Ba5 d5 36. h4 c4 37. Bc3 Kc5 38. a5 d4+ 39. Bxd4+ Nxd4 40. a6 Nb5 41. Kd2 Kb6 42. f3 Kxa6 43. g4 fxg4 44. h5 gxf3 45. hxg6 hxg6 0-1

[Event "Ottawa Futurity"]
[Site "Ottawa CAN"]
[Date "2004.08.14"]
[Round "5"]
[White "Mai, Lloyd"]
[Black "Van Dusen, Eric"]
[Result "1-0"]
[WhiteElo "1919"]
[BlackElo "2025"]
[PlyCount "81"]
[GameId "2160767911086348"]
[EventDate "2004.08.09"]
[EventType "schev"]
[EventRounds "5"]
[EventCountry "CAN"]

1. e4 Nf6 2. e5 Nd5 3. c4 Nb6 4. d4 d6 5. exd6 exd6 6. Bd3 Be7 7. Ne2 Bf6 8. Be3 O-O 9. O-O Re8 10. Nd2 Nc6 11. a3 Bg4 12. Nb3 a5 13. Qd2 a4 14. Nbc1 h6 15. h3 Bh5 16. Nf4 Bg6 17. Nxg6 fxg6 18. Ne2 Na5 19. Qc2 Nb3 20. Rad1 g5 21. c5 Nc8 22. Bb5 c6 23. Bxa4 Na5 24. b4 b5 25. cxb6 Nb7 26. Bxc6 Re7 27. a4 Qxb6 28. Qc4+ Kh8 29. d5 Rxe3 30. fxe3 Qxe3+ 31. Kh1 Nb6 32. Qc2 Ra7 33. a5 Nxa5 34. bxa5 Rxa5 35. Ng1 Rc5 36. Qb1 Qg3 37. Rde1 Kg8 38. Re8+ Kf7 39. Rxf6+ Kxf6 40. Re6+ Kf7 41. Qg6+ 1-0

[Event "Ottawa Futurity"]
[Site "Ottawa CAN"]
[Date "2004.08.14"]
[Round "5"]
[White "Yao, Sammy"]
[Black "Bertrand, Daryl"]
[Result "1-0"]
[WhiteElo "1956"]
[BlackElo "1935"]
[PlyCount "161"]
[GameId "2160767911086350"]
[EventDate "2004.08.09"]
[EventType "schev"]
[EventRounds "5"]
[EventCountry "CAN"]
[SourceTitle "EXT 2006"]
[Source "ChessBase"]
[SourceDate "2005.11.24"]
[SourceVersion "1"]
[SourceVersionDate "2005.11.24"]
[SourceQuality "1"]

1. e4 g6 2. d4 Bg7 3. Nc3 c6 4. Be2 d5 5. exd5 cxd5 6. Bf3 Nc6 7. Nge2 e6 8. O-O h5 9. g3 Qf6 10. Bg2 a6 11. Re1 h4 12. Nf4 Kf8 13. b3 Qxd4 14. Ba3+ Nge7 15. Nfe2 Qa7 16. Rb1 b5 17. Bd6 Kg8 18. b4 hxg3 19. hxg3 Nf5 20. Bc5 Qc7 21. a4 bxa4 22. Nxa4 Rb8 23. Nf4 Bd7 24. c3 Be5 25. Nd3 Bf6 26. Be3 Nce7 27. Bf4 Nd6 28. Nac5 Bc8 29. Qc2 g5 30. Be5 Bxe5 31. Nxe5 Nc4 32. Nxc4 dxc4 33. Qd2 f6 34. Qd4 Rh6 35. Qxc4 Rb6 36. Qa2 f5 37. Rbd1 f4 38. Qd2 Nc6 39. Qd6 Rh7 40. Qxc7 Rxc7 41. Rd6 fxg3 42. fxg3 e5 43. Rxc6 Rbxc6 44. Bxc6 Rxc6 45. Rxe5 g4 46. Kf2 Kf7 47. Ke3 Rf6 48. Kd4 Rf3 49. Re3 Rf5 50. c4 Rf1 51. b5 axb5 52. cxb5 Rb1 53. Rb3 Rd1+ 54. Nd3 Bb7 55. Rc3 Kf6 56. Kc5 Rg1 57. Nf4 Kf5 58. Nd5 Rb1 59. Nb4 Ke4 60. Nc6 Rf1 61. Kb6 Rf7 62. Nd8 Rf3 63. Rc4+ Kf5 64. Kxb7 Rxg3 65. Rb4 Rd3 66. Kc7 g3 67. b6 g2 68. Rb1 Rg3 69. b7 Rg7+ 70. Kd6 Rxb7 71. Nxb7 Kf4 72. Nc5 Kg3 73. Nd3 Kh2 74. Ne1 g1=N 75. Ke5 Kg3 76. Ke4 Ne2 77. Ke3 Nf4 78. Rb3 Ne6 79. Rb6 Nf4 80. Rd6 Kg4 81. Rd4 1-0

[Event "Ottawa Futurity"]
[Site "Ottawa CAN"]
[Date "2004.08.14"]
[Round "5"]
[White "Yuan, Michael"]
[Black "Pacey, Kevin"]
[Result "1/2-1/2"]
[WhiteElo "2010"]
[BlackElo "2174"]
[PlyCount "54"]
[GameId "2160767911086351"]
[EventDate "2004.08.09"]
[EventType "schev"]
[EventRounds "5"]
[EventCountry "CAN"]
[SourceTitle "EXT 2006"]
[Source "ChessBase"]
[SourceDate "2005.11.24"]
[SourceVersion "1"]
[SourceVersionDate "2005.11.24"]
[SourceQuality "1"]

1. e4 e6 2. d4 d5 3. Nc3 Bb4 4. e5 c5 5. Bd2 Nc6 6. Nf3 Nge7 7. Nb5 Bxd2+ 8. Qxd2 cxd4 9. Nbxd4 Ng6 10. Nxc6 bxc6 11. Bd3 Qb6 12. b3 Nxe5 13. Nxe5 Qd4 14. Qg5 Qxa1+ 15. Kd2 Qd4 16. Qxg7 Rf8 17. Qg3 Bb7 18. c3 Qb6 19. Bxh7 O-O-O 20. Kc2 f6 21. Nd3 Rh8 22. Bg6 Ba6 23. Nf4 c5 24. Bf7 e5 25. Nxd5 Qa5 26. Kb2 Bb7 27. c4 Bxd5 1/2-1/2

[Event "Ottawa-ch"]
[Site "Ottawa CAN"]
[Date "2004.10.03"]
[Round "1"]
[White "Barclay, Wayne"]
[Black "Valdizon, Armando"]
[Result "0-1"]
[WhiteElo "2229"]
[BlackElo "2129"]
[PlyCount "76"]
[GameId "2160767911061075"]
[EventDate "2004.10.03"]
[EventType "tourn"]
[EventRounds "7"]
[EventCountry "CAN"]
[SourceTitle "EXT 2006"]
[Source "ChessBase"]
[SourceDate "2005.11.24"]
[SourceVersion "1"]
[SourceVersionDate "2005.11.24"]
[SourceQuality "1"]

1. d4 g6 2. c4 Bg7 3. e4 d6 4. Nc3 Nc6 5. d5 Nd4 6. Be3 c5 7. dxc6 Nxc6 8. Qd2 Nf6 9. Bh6 Bxh6 10. Qxh6 Qa5 11. Qd2 Be6 12. f4 Rc8 13. Rc1 O-O 14. Nf3 Rfe8 15. Ng5 Qc5 16. Nxe6 fxe6 17. Be2 e5 18. f5 gxf5 19. exf5 e4 20. g4 Kh8 21. g5 e3 22. Qd1 Qxf5 23. Qd3 Qxg5 24. Kd1 d5 25. cxd5 Red8 26. Bf3 Ne5 27. Qe2 Nxf3 28. Qxf3 Nxd5 29. Ke1 Nf4 30. Rd1 Rxd1+ 31. Nxd1 Rc1 32. h4 Qa5+ 33. Kf1 e2+ 34. Kf2 exd1=Q 35. Rxd1 Rxd1 36. Qxd1 Qc5+ 37. Kg3 Qe3+ 38. Kg4 Qe2+ 0-1

[Event "Ottawa-ch"]
[Site "Ottawa CAN"]
[Date "2004.10.03"]
[Round "1"]
[White "Predescu, Sebastian"]
[Black "Pacey, Kevin"]
[Result "1-0"]
[WhiteElo "2221"]
[BlackElo "2269"]
[PlyCount "59"]
[GameId "2160767911061076"]
[EventDate "2004.10.03"]
[EventType "tourn"]
[EventRounds "7"]
[EventCountry "CAN"]
[SourceTitle "EXT 2006"]
[Source "ChessBase"]
[SourceDate "2005.11.24"]
[SourceVersion "1"]
[SourceVersionDate "2005.11.24"]
[SourceQuality "1"]

1. e4 e6 2. d4 d5 3. e5 Bd7 4. Nf3 a6 5. Be2 Bb5 6. O-O Bxe2 7. Qxe2 c5 8. c4 cxd4 9. Nxd4 Nc6 10. Nxc6 bxc6 11. cxd5 cxd5 12. Nd2 Ne7 13. Nf3 Nf5 14. Bd2 Be7 15. Rfc1 Qb6 16. Rc2 O-O 17. Rac1 Rfb8 18. b3 Qb5 19. Qxb5 axb5 20. g4 Nh4 21. Nxh4 Bxh4 22. g5 f6 23. gxf6 gxf6 24. f4 fxe5 25. fxe5 Rf8 26. Bh6 Rf2 27. Rc8+ Rxc8 28. Rxc8+ Kf7 29. Rf8+ Kg6 30. Rxf2 1-0

[Event "Ottawa-ch"]
[Site "Ottawa CAN"]
[Date "2004.10.03"]
[Round "1"]
[White "Voloaca, Mihnea"]
[Black "Djerkovic, Miladin"]
[Result "0-1"]
[WhiteElo "2219"]
[BlackElo "2210"]
[PlyCount "64"]
[GameId "2160767911061077"]
[EventDate "2004.10.03"]
[EventType "tourn"]
[EventRounds "7"]
[EventCountry "CAN"]
[SourceTitle "EXT 2006"]
[Source "ChessBase"]
[SourceDate "2005.11.24"]
[SourceVersion "1"]
[SourceVersionDate "2005.11.24"]
[SourceQuality "1"]

1. d4 d5 2. c4 e6 3. Nc3 Nf6 4. Bg5 Be7 5. cxd5 exd5 6. Nf3 O-O 7. e3 Nbd7 8. Bd3 Re8 9. O-O Nf8 10. Qc2 c6 11. Ne5 Ng4 12. Bf4 Bd6 13. Nxg4 Bxg4 14. h3 Bh5 15. Rab1 Bxf4 16. exf4 Qh4 17. f5 Qxd4 18. g4 Bxg4 19. hxg4 Qxg4+ 20. Kh2 Ne6 21. Ne2 Ng5 22. Ng1 Re4 23. f3 Qh5+ 24. Kg3 Rh4 25. Qe2 Rh1 26. Kf4 Qh4+ 27. Ke3 Re8+ 28. Kd2 Rxe2+ 29. Nxe2 Rxf1 30. Rxf1 Qb4+ 31. Kc2 Qc5+ 32. Kb1 Qe3 0-1